| 000 | 00516nam a22001937a 4500 | ||
|---|---|---|---|
| 003 | OSt | ||
| 005 | 20140310181804.0 | ||
| 008 | 130704t xxu||||| |||| 00| 0 eng d | ||
| 020 | _a0550150161 | ||
| 050 |
_aPE 1628 _b.N398 2003 |
||
| 082 |
_aREF 423 _bC35 2003 |
||
| 245 | _aChambers concise dictionary and thesaurus | ||
| 260 |
_aFinland _bChambers Harrap Publisher _cc2003. |
||
| 300 |
_a1410 p. ; _c24 cm. |
||
| 521 | _aBasic Ed. Students | ||
| 541 | _j1 | ||
| 562 | _e1 | ||
| 942 |
_2lcc _cBK-GR _kREF |
||
| 999 |
_c3752 _d3752 |
||